00779nam 22001813 4500001000700000010002200007021001400029100004100043200020200084210003400286215002800320300012700348606002700475675002100502702003300523801001800556830002300574202554 a978-989-644-993-3 b563879/26 a20260612d u||y0pory50 ba aHistória global da economia e gestão de PortugalfDireção de José António Porfírio, José Eduardo Franco, José Paulo EsperançagCoordenação de João Luis Cardoso...[et al.] aLisboacTemas e Debatesd2026 a777 p.cbrochadod24 cm ainclui artigo do Dr. Jorge Fonseca:" A escravidão promovida pelos portugueses no espaço euro-atlântico". -p. 349-354 aHistória de Portugal a94(469)vPTzpor aPorfíriobJosé António aPTbBMMNgRPC cFernandofFernando